A Handbook of English usage (Record no. 3018)
[ view plain ]
| 000 -LEADER | |
|---|---|
| fixed length control field | 00673nam a2200157Ia 4500 |
| 005 - DATE AND TIME OF LATEST TRANSACTION | |
| control field | 20240820032331.0 |
| 008 - FIXED-LENGTH DATA ELEMENTS--GENERAL INFORMATION | |
| fixed length control field | 240331s9999 xx 000 0 und d |
| 020 ## - INTERNATIONAL STANDARD BOOK NUMBER | |
| ISBN | 0863111297 |
| 082 ## - DDC Classification | |
| Item Number - Author Mark | RAO |
| Class No. | 428 |
| 100 ## - MAIN ENTRY--PERSONAL NAME | |
| Personal name | Rao, A.R |
| 245 #2 - TITLE STATEMENT | |
| Title | A Handbook of English usage |
| 260 ## - PUBLICATION, DISTRIBUTION, ETC. | |
| Place of publication, distribution, etc. | Madras |
| Name of publisher, distributor, etc. | Orient Longman Limited |
| Date of publication, distribution, etc. | 1990 |
| 300 ## - PHYSICAL DESCRIPTION | |
| Extent (e.g. Volumes, Pages etc.) | 202 p ., |
| 500 ## - GENERAL NOTE | |
| General note | A Handbook of English usage is a guide for users of English in both formal and informal contexts. it covers key items of usage which often present difficulty, the section on commonly confused words is a detailed listing of such items and is based on the errors normally encountered in spoken English. |
| 942 ## - Koha item type (Biblio) | |
| Koha item type | Books in Stacks (Lending) |
| Lost status | Damaged status | Collection code | Home library | Current library | Shelving location | Date acquired | Full call number | Accession Number | Item type |
|---|---|---|---|---|---|---|---|---|---|
| Lending | WERC Library | WERC Library | Social Science Cupboard | 03/31/2024 | 428 RAO | 579 | Books in Stacks (Lending) |
